Optics : (Record no. 41450)

MARC details
000 -LEADER
fixed length control field 00845nam a22002417a 4500
005 - DATE AND TIME OF LATEST TRANSACTION
control field 2010081207097.0
010 ## - LCCN (DPL NO)
LC control number ENG-100102
020 ## - INTERNATIONAL STANDARD BOOK NUMBER
International Standard Book Number 9380543034
Terms of availability 75.00
020 ## - INTERNATIONAL STANDARD BOOK NUMBER
International Standard Book Number 9789380543031
Terms of availability 75.00
035 ## - SYSTEM CONTROL NUMBER
System control number EN-83634
037 ## - SOURCE OF ACQUISITION
Source of stock number/acquisition DBAD/PUB
082 ## - DEWEY DECIMAL CLASSIFICATION NUMBER
Classification number 621.3692
100 ## - MAIN ENTRY--PERSONAL NAME
Personal name Menaka, S. Mani
245 ## - TITLE STATEMENT
Title Optics :
Remainder of title laser and fiber /
Statement of responsibility, etc by S. Mani Menaka
260 ## - PUBLICATION, DISTRIBUTION, ETC. (IMPRINT)
Place of publication, distribution, etc Coimbatore
Name of publisher, distributor, etc IRIS Publications
Date of publication, distribution, etc 2010
270 ## - ADDRESS
Address 23 AKG Nagar 3rd Street Uppilipalayam Post
City Coimbatore
Postal code 641015
300 ## - PHYSICAL DESCRIPTION
Extent 122p.
Dimensions 21cm (pbk)
500 ## - GENERAL NOTE
General note Included bibliographical reference
650 ## - SUBJECT ADDED ENTRY--TOPICAL TERM
Topical term or geographic name as entry element Fiber Optics
650 ## - SUBJECT ADDED ENTRY--TOPICAL TERM
Topical term or geographic name as entry element Lasers
942 ## - ADDED ENTRY ELEMENTS (KOHA)
Source of classification or shelving scheme Dewey Decimal Classification
Item type English Books
Classification part 621.3692
Call number suffix MEN
Holdings
Withdrawn status Lost status Not for loan Collection code Home library Current library Date acquired Source of acquisition Cost, normal purchase price Full call number Barcode Copy number Cost, replacement price Koha item type
    Not For Loan Non-fiction D.B.Act.Division D.B.Act.Division 12/08/2010 DBAD/PUB 75.00 621.3692 MEN EN-83634 1 75.00 English Books

© Delhi Public Library
Hit Counter
free hit counter